Представление документа в формате MARC21

Поле Инд. ПП Название Значение
Тип записи a
Библиографический уровень b
001 Контрольный номер RU/IS/BASE/290010370
005 Дата корректировки 20200629065940.0
008 Кодируемые данные 20090310
040 b Код языка каталог. rus
e Правила каталог. PSBO
041 0_ a Код языка текста rus
084 a Индекс другой классификации/Индекс ББК 83.3(7США)6; 63.3(7США)6-7; 71.083
100 1_ a Автор Панова О. Ю.
245 10 a Заглавие Гарлемский ренессанс: "негритянский раек", или "негритянская столица"?
504 a Библиография Библиогр. - Примеч.: с. 111
600 14 a Персоналии Хьюз Лэнгстон
a Персоналии Маккей Клод
a Персоналии Тумер Джин
a Персоналии Локк Алейн
a Персоналии Вехтен Карл ван
650 04 a Основная рубрика история
a Основная рубрика история литературы
a Основная рубрика культурология; типология культуры
a Основная рубрика литературоведение
a Основная рубрика филологические науки
653 0_ a Ключевые слова "Домой в Гарлем"
a Ключевые слова "Негритянский раек"
a Ключевые слова XX век
a Ключевые слова афроамериканская культура
a Ключевые слова гарлемский ренессанс
a Ключевые слова народные песни
a Ключевые слова поэзия
a Ключевые слова проза
a Ключевые слова романы
a Ключевые слова США
a Ключевые слова фольклор
a Ключевые слова этнокультура
773 08 t Заглавие источника Вестник Московского университета. Серия 9, Филология
d Дата издания источника 2008
g Прочая информация № 5. - С. 102 - 111
w Контрольный № источника RU/IS/BASE/288361571
901 t Тип документа b